<?xml version="1.0" encoding="UTF-8"?>
<record
    xmlns:xsi="http://www.w3.org/2001/XMLSchema-instance"
    xsi:schemaLocation="http://www.loc.gov/MARC21/slim http://www.loc.gov/standards/marcxml/schema/MARC21slim.xsd"
    xmlns="http://www.loc.gov/MARC21/slim">

  <leader>02728nam a22003257a 4500</leader>
  <controlfield tag="003">OSt</controlfield>
  <controlfield tag="005">20251125121111.0</controlfield>
  <controlfield tag="008">250910b        |||||||| |||| 00| 0 eng d</controlfield>
  <datafield tag="020" ind1=" " ind2=" ">
    <subfield code="a">0017-8012</subfield>
  </datafield>
  <datafield tag="040" ind1=" " ind2=" ">
    <subfield code="b">English</subfield>
    <subfield code="c">tbs</subfield>
  </datafield>
  <datafield tag="041" ind1=" " ind2=" ">
    <subfield code="a">English</subfield>
  </datafield>
  <datafield tag="100" ind1=" " ind2=" ">
    <subfield code="a">Kotter, John P</subfield>
    <subfield code="9">20621</subfield>
  </datafield>
  <datafield tag="245" ind1=" " ind2=" ">
    <subfield code="a">Leading Change</subfield>
    <subfield code="b">: Why Transformation Efforts Fail</subfield>
    <subfield code="c">/ John P. Kotter</subfield>
  </datafield>
  <datafield tag="246" ind1=" " ind2=" ">
    <subfield code="a">Harvard Business Review. Jan2007, Vol. 85 Issue 1, p96-103. 8p. 2 Illustrations, 1 Diagram.</subfield>
  </datafield>
  <datafield tag="260" ind1=" " ind2=" ">
    <subfield code="b">Harvard Business Review</subfield>
    <subfield code="c">2007</subfield>
  </datafield>
  <datafield tag="362" ind1=" " ind2=" ">
    <subfield code="a">Harvard Business Review. Jan2007, Vol. 85 Issue 1, p96-103. 8p. 2 Illustrations, 1 Diagram.</subfield>
  </datafield>
  <datafield tag="520" ind1=" " ind2=" ">
    <subfield code="a">Businesses hoping to survive over the long term must, at some point, remake themselves into stronger competitors. These efforts have been labelled in many ways&#x2014;total quality management, reengineering, rightsizing, restructuring, cultural change, and turnarounds, to name a few. In nearly all cases, the objective has been to respond to a new and more demanding marketplace by altering how business is conducted.

Some of these initiatives have been highly successful; some have been complete failures. Most fall somewhere in between, tending towards the lower end of the performance scale.

John P. Kotter is renowned for his work on leading organisational change. At the time of the article&#x2019;s original publication in 1995, he had just completed a ten-year study of more than 100 companies attempting major transformations. In this piece, he presents the results of his observations, outlining the eight most common errors that derail such efforts and explaining the broader lessons that support successful change.

Failed transitions almost always falter in at least one of the following areas: generating a sense of urgency, establishing a powerful guiding coalition, developing a clear vision, communicating that vision frequently and effectively, removing obstacles, planning for and achieving short-term wins, avoiding premature declarations of victory, and embedding new approaches within the corporate culture.

Kotter emphasises that recognising the typically lengthy nature of organisational change can significantly enhance the likelihood of success.</subfield>
  </datafield>
  <datafield tag="653" ind1=" " ind2=" ">
    <subfield code="a">Organizational behavior</subfield>
  </datafield>
  <datafield tag="653" ind1=" " ind2=" ">
    <subfield code="a">Guiding coalition</subfield>
  </datafield>
  <datafield tag="653" ind1=" " ind2=" ">
    <subfield code="a">Sense of urgency</subfield>
  </datafield>
  <datafield tag="653" ind1=" " ind2=" ">
    <subfield code="a">Vision development</subfield>
  </datafield>
  <datafield tag="653" ind1=" " ind2=" ">
    <subfield code="a">Change communication</subfield>
  </datafield>
  <datafield tag="653" ind1=" " ind2=" ">
    <subfield code="a">Short-term wins</subfield>
  </datafield>
  <datafield tag="653" ind1=" " ind2=" ">
    <subfield code="a">Corporate culture change</subfield>
  </datafield>
  <datafield tag="653" ind1=" " ind2=" ">
    <subfield code="a">Leadership in change</subfield>
  </datafield>
  <datafield tag="653" ind1=" " ind2=" ">
    <subfield code="a">Transformational leadership</subfield>
  </datafield>
  <datafield tag="653" ind1=" " ind2=" ">
    <subfield code="a">Organisational transformation</subfield>
  </datafield>
  <datafield tag="856" ind1=" " ind2=" ">
    <subfield code="u">https://bibliotheque.tbs-education.fr/Default/doc/bth/23363656/leading-change-why-transformation-efforts-fail</subfield>
  </datafield>
  <datafield tag="942" ind1=" " ind2=" ">
    <subfield code="2">lcc</subfield>
  </datafield>
  <datafield tag="952" ind1=" " ind2=" ">
    <subfield code="0">0</subfield>
    <subfield code="1">0</subfield>
    <subfield code="2">lcc</subfield>
    <subfield code="4">0</subfield>
    <subfield code="7">0</subfield>
    <subfield code="a">TBS</subfield>
    <subfield code="b">TBS</subfield>
    <subfield code="d">2025-11-25</subfield>
    <subfield code="l">0</subfield>
    <subfield code="r">2025-11-25</subfield>
    <subfield code="u">https://bibliotheque.tbs-education.fr/Default/doc/bth/23363656/leading-change-why-transformation-efforts-fail</subfield>
    <subfield code="w">2025-11-25</subfield>
    <subfield code="y">ARTICLE</subfield>
  </datafield>
  <datafield tag="999" ind1=" " ind2=" ">
    <subfield code="c">5201</subfield>
    <subfield code="d">5201</subfield>
  </datafield>
</record>
